Memoria Primera Conferencia Regional sobre Educación y Desarrollo

Kaydedildi:
Detaylı Bibliyografya
Müşterek Yazar: Coordinación Educativa Centroamericana
Materyal Türü: Metin
Baskı/Yayın Bilgisi: Guatemala: Ministerio de Educación. Editorial "José Pineda Ibarra"
Konular:
Etiketler: Etiketle
Etiket eklenmemiş, İlk siz ekleyin!

MARC

LEADER 00000 a a2200000 04500
001 15974
003
040
090 |a 013300  
110 |a Coordinación Educativa Centroamericana  
245 |a Memoria Primera Conferencia Regional sobre Educación y Desarrollo  
260 |a Guatemala:   |b Ministerio de Educación. Editorial "José Pineda Ibarra"  
300 |a 359 p.  
650 |a EDUCACION  
999 |c 13825  |d 13825